| 000 | 00819nam a2200253Ia 4500 | ||
|---|---|---|---|
| 003 | OSt | ||
| 005 | 20220918171029.0 | ||
| 006 | a|||||r|||| 00| 0 | ||
| 007 | ta | ||
| 008 | 220917b |||||||| |||| 00| 0 eng d | ||
| 020 |
_a9781138021921 (pbk) _c2823.92 |
||
| 024 | _a284,192 | ||
| 037 |
_bCBS/215, 06/01/2015, Classic Book Service _cTextual |
||
| 040 |
_aARTS _cARTS _beng |
||
| 041 |
_2eng _aeng |
||
| 082 | _aZ:f, Q5 | ||
| 100 |
_aBartels Brandon L. Ed. _933312 |
||
| 245 | 0 |
_aMaking law and courts research relevant _b Normative implications of empirical research |
|
| 260 |
_aNew York _bRoutledge USA _c2015 |
||
| 300 |
_axvii,242p. _ccm. |
||
| 650 |
_aLAW _97240 |
||
| 942 |
_hZ:f, Q5 _cTEXL _2CC |
||
| 999 |
_c137396 _d137396 |
||